| 000 | 00440nam a22001577a 4500 | ||
|---|---|---|---|
| 999 |
_c40907 _d40907 |
||
| 003 | OSt | ||
| 005 | 20201015133250.0 | ||
| 008 | 201015b ||||| |||| 00| 0 eng d | ||
| 040 | _coclc | ||
| 082 |
_a823.912 _bWOD/P |
||
| 100 | _aWodehouse, P G | ||
| 245 |
_aPsmith In the City / _cP G Wodehouse |
||
| 260 |
_aEngland: _bPenguin Books, _c1975. |
||
| 300 | _a160p | ||
| 942 |
_cBK _2ddc _h823.912 _iWOD/P _k823.912 _mWOD/P |
||